| 000 | 00905nam a2200253 a 4500 | ||
|---|---|---|---|
| 001 | 000006277 | ||
| 003 | DO-SdBNP | ||
| 005 | 20250709115404.0 | ||
| 008 | 090827s2000 dr r 000 0 spa d | ||
| 040 |
_aDO-SdBNP _bspa _cBNPHU |
||
| 082 | 4 |
_axxxx _bT626d _222 |
|
| 100 | 1 |
_aTünnermann Bernheim, Carlos _917536 |
|
| 245 | 1 | 0 |
_aDesafíos del docente universitario ante el siglo XXI / _cCarlos Tünnermann Bernheim ; presentación Iván Brugal. |
| 260 |
_aSanto Domingo : _bConsejo Nacional de Educación Superior (CONES), _c2000. |
||
| 300 |
_a176 p. ; _c22 cm. |
||
| 500 | _aIncluye referencias bibliográficas y notas al pie de las páginas | ||
| 590 | _aInventariado, 2018/BT | ||
| 650 | 0 |
_aEducación superior _9736 |
|
| 650 | 0 |
_aEducación superior _zAmérica Central _9736 |
|
| 650 | 0 |
_aUniversidades _985564 |
|
| 650 | 0 |
_aMaestros _917439 |
|
| 700 | 1 |
_aBrugal, Iván _917073 |
|
| 942 |
_2ddc _cLBS1 |
||
| 999 |
_c6072 _d6072 |
||